Normal view
MARC view
Entry Topical Term
001 - CONTROL NUMBER
- control field: 24066
003 - CONTROL NUMBER IDENTIFIER
- control field: ARRUPE
005 - DATE AND TIME OF LATEST TRANSACTION
- control field: 20160422124248.0
008 - FIXED-LENGTH DATA ELEMENTS
- fixed length control field: 160422|| aca||aabn | a|a d
040 ## - CATALOGING SOURCE
- Original cataloging agency: ARRUPE
- Transcribing agency: ARRUPE
150 ## - HEADING--TOPICAL TERM
- Topical term or geographic name as entry element: Christianity and philosophy
670 ## - SOURCE DATA FOUND
- Source citation: Work cat.: (ARRUPE)0: Mounier, Emmanuel, 1905-1950. 18775, The spoil of the violent., 1955